000 00608 a2200193 4500
020 _a8131705846
020 _a9788131705841
090 _c853
_d853
100 1 _aBALLOU.
245 1 0 _aBusiness logistics supply chain management /
_cBALLOU.
250 _a5TH ED ed.
260 _a[S.l.] :
_bPEARSON,
_c2004.
300 _a816 p.
500 _aPaperback.
700 1 _aSRIVASTAVA.
856 4 0 _3Amazon.com
_uhttp://www.amazon.com/exec/obidos/ASIN/8131705846/chopaconline-20
856 4 0 _3Amazon customer reviews
_uhttp://www.chopac.org/cgi-bin/tools/azrev.pl?q=8131705846
942 _aNBS
_cBK
_k658.7 BAL
999 _c343398
_d343398